| 000 | 01300nam a2200325 a 4500 | ||
|---|---|---|---|
| 001 | BRCA_7942 | ||
| 005 | 20190320210049.0 | ||
| 008 | 070314s1965----mx-####f##---#000-0#spa-# | ||
| 041 | _aspa | ||
| 044 | _amx | ||
| 050 | 4 |
_aF1411 _b.C38 _c1965 |
|
| 245 | 1 | 0 |
_aTratados de Fray Bartolomé de las Casas _cprólogos de Hanke y Manuel Giménez Fernández ; transcripción de Juan Pérez de Tudela Bueso; traducción de Agustín Millares Carlo y Rafael Moreno. |
| 260 |
_aMéxico _bFondo de Cultura Económica _c1965 |
||
| 300 |
_a2 v. _bil. _c22 cm. |
||
| 440 | 0 |
_aBiblioteca americana : serie de Cronistas de Indias _919666 |
|
| 500 | _a3030 | ||
| 500 | _aDos ejemplares inventariados como un solo libro por el Banco de México | ||
| 500 | _aEjemplar numerado 140 de 300 | ||
| 600 | 1 | 4 |
_aCasas, Bartolomé de las _919667 |
| 650 | 1 | 4 |
_aTratados _vIndios colonizados _zMéxico _919668 |
| 650 | 1 | 4 |
_aEscritos y textos _vPueblos indígenas _919669 |
| 650 | 1 | 4 |
_aCronistas _vDe las Indias _919670 |
| 700 | 1 |
_aGiménez Fernández, Hanke _eprol. _919671 |
|
| 700 | 1 |
_aGiménez Fernández, Manuel _eprol. _919672 |
|
| 700 | 1 |
_aPérez de Tundela Bueso, Juan _etranscrip. _919673 |
|
| 700 | 1 |
_aMillares Carlo, Agustín _etr. _911389 |
|
| 700 | 1 |
_aMoreno, Rafael _etr. _919674 |
|
| 902 | _aGFM | ||
| 942 |
_2lcc _cB |
||
| 999 |
_c7611 _d7611 |
||